000 00322nam a22001337a 4500
008 170925b xxu||||| |||| 00| 0 eng d
020 _a9780787948467
041 _aeng
080 _a37
100 _a46
101 _aEDU
245 _aPREPARING DEPARTMENT CHAIRS FOR THEIR LEADERSHIP ROLES
_cGILLETT,R
942 _2udc
_cBK
999 _c29485
_d29485